<?xml version="1.0" encoding="UTF-8"?>
<record
    xmlns:xsi="http://www.w3.org/2001/XMLSchema-instance"
    xsi:schemaLocation="http://www.loc.gov/MARC21/slim http://www.loc.gov/standards/marcxml/schema/MARC21slim.xsd"
    xmlns="http://www.loc.gov/MARC21/slim">

  <leader>00485nam a2200181   4500</leader>
  <controlfield tag="005">20251009111921.0</controlfield>
  <controlfield tag="008">250930b        |||||||| |||| 00| 0 eng d</controlfield>
  <datafield tag="020" ind1=" " ind2=" ">
    <subfield code="a">988194867418</subfield>
  </datafield>
  <datafield tag="041" ind1=" " ind2=" ">
    <subfield code="a">Marathi</subfield>
  </datafield>
  <datafield tag="082" ind1=" " ind2=" ">
    <subfield code="a">891.46</subfield>
    <subfield code="b">GOD</subfield>
  </datafield>
  <datafield tag="100" ind1=" " ind2=" ">
    <subfield code="a">Godbole Arvind Sadashiv</subfield>
    <subfield code="9">213618</subfield>
  </datafield>
  <datafield tag="245" ind1=" " ind2=" ">
    <subfield code="a">Mala Umajalele Swatantryaveer Savarkar </subfield>
  </datafield>
  <datafield tag="260" ind1=" " ind2=" ">
    <subfield code="a">PUne</subfield>
    <subfield code="b">Bharatiya Vichar Sadhana Pune Prakashan</subfield>
    <subfield code="c">2021</subfield>
  </datafield>
  <datafield tag="300" ind1=" " ind2=" ">
    <subfield code="a">168</subfield>
  </datafield>
  <datafield tag="365" ind1=" " ind2=" ">
    <subfield code="b">105.00</subfield>
    <subfield code="c">Rs.00</subfield>
  </datafield>
  <datafield tag="650" ind1=" " ind2=" ">
    <subfield code="a">General</subfield>
  </datafield>
  <datafield tag="942" ind1=" " ind2=" ">
    <subfield code="c">BK</subfield>
  </datafield>
  <datafield tag="999" ind1=" " ind2=" ">
    <subfield code="c">367893</subfield>
    <subfield code="d">367893</subfield>
  </datafield>
  <datafield tag="952" ind1=" " ind2=" ">
    <subfield code="0">0</subfield>
    <subfield code="1">0</subfield>
    <subfield code="2">ddc</subfield>
    <subfield code="4">0</subfield>
    <subfield code="7">0</subfield>
    <subfield code="a">SOFT</subfield>
    <subfield code="b">SOFT</subfield>
    <subfield code="d">2025-08-18</subfield>
    <subfield code="e">Bhartiya Vichar Sadhana Foundation</subfield>
    <subfield code="g">105.00</subfield>
    <subfield code="l">0</subfield>
    <subfield code="o">891.46 GOD</subfield>
    <subfield code="p">SOFT-BK-4549</subfield>
    <subfield code="r">2025-09-30 12:12:00</subfield>
    <subfield code="t">30%</subfield>
    <subfield code="v">150.00</subfield>
    <subfield code="y">BK</subfield>
  </datafield>
</record>
